000 01994nam a2200541 i 4500
001 56177
003 KOSZ 005
005 20221025123218.0
008 081222s2008 pl a |000 0 pol
015 _aUWD 2009/24776
035 _a991047516899705066
035 _a(PL-WaBN)b23138889-48omnis_nlop
035 _ab23138889
035 _a(OCoLC)833379859
035 _axx001258371
035 _a(PL)b0000002313888
035 _a(EXLNZ-48OMNIS_NETWORK)9910359313805606
040 _aWA N
_cWA N
_dWA N
_dKOSZ 005/HR
041 0 _apol
_beng
_bger
046 _k2008
080 _81.1\x
_a616.12
080 _81.2\x
_a615.8
100 1 _aRumian, Stanisław
_eAutor
245 1 0 _aNowe możliwości rozwiązań techniczno-konstrukcyjnych w biopompach zasilanych siłą skurczu mięśnia szkieletowego /
_cStanisław Rumian.
260 _aKraków :
_bWydawnictwo PK,
_c2008.
300 _a125 s. :
_bil. ;
_c24 cm.
336 _aTekst
_btxt
_2rdacontent
337 _aBez urządzenia pośredniczącego
_bn
_2rdamedia
338 _aWolumin
_bnc
_2rdacarrier
380 _aKsiążki
388 _a2001-
490 1 _aMonografia / Politechnika Krakowska im. Tadeusza Kościuszki. Mechanika
500 _aISSN i numeracja serii gł.: 0860-097X ; 361.
504 _aBibliogr. s. 88-94.
546 _aStreszcz. ang., niem.
650 7 _aChoroby serca
_2DBN
650 7 _aEksperymenty
_2DBN
650 7 _aLeczenie
_2DBN
650 7 _aStymulatory serca
_2DBN
658 _aInżynieria i technika
658 _aMedycyna i zdrowie
710 2 _aWydawnictwo Politechniki Krakowskiej
_4pbl
830 0 _aMonografia - Politechnika Krakowska im. Tadeusza Kościuszki
_v361
830 0 _aMonografia - Politechnika Krakowska im. Tadeusza Kościuszki.
_pMechanika
856 _uhttp://koha.tu.koszalin.pl/cgi-bin/koha/opac-detail.pl?biblionumber=56177
_yKatalog online BPK
942 _2UKD
_cKS
999 _c56177
_d56177